000 00968nam a2200313 i 4500
001 bg
003 BPK
005 20191007094426.0
008 981221s1998 pl a e |000 0 pol
015 _aPB 1999/5156
020 _a8301127384
040 _aWA N
_cBPK
041 0 _apol
080 _a341.12(4)
080 _a399.92(4)
080 _a327.39(4)
080 _a(03)
100 1 _aRuszkowski, Janusz
_d(1962- ).
245 1 0 _aLeksykon integracji europejskiej /
_cJanusz Ruszkowski, Ewa Górnicz, Marek Żurek.
260 _aWarszawa :
_bWydaw. Naukowe PWN,
_c1998.
300 _a307, [1] s. :
_b1 faks. ;
_c22 cm.
655 4 _aEncyklopedia
650 4 _aIntegracja europejska
700 1 _aGórnicz, Ewa.
700 1 _aŻurek, Marek.
710 2 _aWydawnictwo Naukowe PWN
_4pbl.
856 _uhttp://koha.tu.koszalin.pl/cgi-bin/koha/opac-detail.pl?biblionumber=36800
_yKatalog online BPK
942 _2UKD
_cKS
999 _c36800
_d36800